Who will buy me certainty/ (Record no. 187648)

MARC details
000 -LEADER
fixed length control field 00540nam a22001817a 4500
005 - DATE AND TIME OF LATEST TRANSACTION
control field 20220427113608.0
010 ## - LCCN (DPL NO)
LC control number ENG-132408
020 ## - INTERNATIONAL STANDARD BOOK NUMBER
International Standard Book Number 9789382749165
Terms of availability 200.00
035 ## - SYSTEM CONTROL NUMBER
System control number EN-115940
037 ## - SOURCE OF ACQUISITION
Source of stock number/acquisition DBAD/PUB
082 ## - DEWEY DECIMAL CLASSIFICATION NUMBER
Classification number 881
100 ## - MAIN ENTRY--PERSONAL NAME
Personal name Aad, Hanane
245 ## - TITLE STATEMENT
Title Who will buy me certainty/
Statement of responsibility, etc Hanane Aad
260 ## - PUBLICATION, DISTRIBUTION, ETC. (IMPRINT)
Place of publication, distribution, etc Mumbai
Name of publisher, distributor, etc Poetrywala
Date of publication, distribution, etc 2015
270 ## - ADDRESS
Address D1201, Octacrest, Lokhandwala Township Kandivali (East)
City Mumbai
Postal code 400101
Electronic mail address info@paperwall.in
300 ## - PHYSICAL DESCRIPTION
Extent 62p.
Dimensions 22cm(pbk)
942 ## - ADDED ENTRY ELEMENTS (KOHA)
Source of classification or shelving scheme Dewey Decimal Classification
Item type English Books
Classification part 881
Call number suffix AAD
Holdings
Withdrawn status Lost status Not for loan Collection code Home library Current library Date acquired Source of acquisition Cost, normal purchase price Full call number Barcode Copy number Cost, replacement price Koha item type
      Non-fiction Bawana Bawana 27/04/2022 DBAD/PUB 200.00 881 AAD EN-115940 1 200.00 English Books

© Delhi Public Library
Hit Counter
free hit counter